| 000 | 00712 a2200181 4500 | ||
|---|---|---|---|
| 020 | _a0619120770 | ||
| 040 |
_aLibrary of Congress _bEnglish |
||
| 245 | 0 | 0 |
_aGuide to operating systems _cMichael Palmer ... [et al.]. |
| 250 | _a2nd ed. | ||
| 260 |
_aBoston, Mass. : _bCourse Technology, _cc2002. |
||
| 300 |
_a608 p. : _bill. + _e2 CD-ROMs (4 3/4 in.) |
||
| 500 | _aCD-ROM Title : Networking guide to operating systems. | ||
| 538 | _aSystem reuirements for Macintosh : Mac OS X (G4 processor) with at least 64 MB of RAM. | ||
| 538 | _aSystem reuirements for Windows : Windows 95, 98, ME, XP, NT or 2000. | ||
| 650 | 0 | _aOperating systems (Computers) | |
| 700 | 1 | _aPalmer, Michael. | |
| 942 |
_cBK _k005.43 PAL _2ddc |
||
| 999 |
_c6176 _d6176 |
||